Thriller Tracklist By Streams - Statistics

General Stats
  • This quiz has been taken 11 times
  • The average score is 6 of 9
Answer Stats
# Streams Answer % Correct
3 739,732,055 Thriller
100%
1 2,221,192,865 Billie Jean
89%
2 1,435,537,039 Beat It
78%
4 507,078,063 P.Y.T. (Pretty Young Thing)
67%
7 158,640,910 The Girl Is Mine
67%
5 249,351,212 Human Nature
56%
6 224,624,581 Wanna Be Startin' Somethin'
56%
9 74,367,677 The Lady in My Life
44%
8 95,096,446 Baby Be Mine
33%
No matching quizzes found
Score Distribution
Percent of People with Each Score
Percentile by Number Answered
Your Score History
You have not taken this quiz